| 000 | 00940nam a22002177a 4500 | ||
|---|---|---|---|
| 003 | OSt | ||
| 005 | 20250911175901.0 | ||
| 008 | 240208b ||||| |||| 00| 0 eng d | ||
| 040 | _c0 | ||
| 082 | _aDPer 621.381 In821 April 2022 v. 37 n. 4 | ||
| 100 |
_aSanabria, Camilo. _eauthor. _951999 |
||
| 245 |
_aSizing equations for a square voltage pulse power supply for dielectric barrier discharges / _cCamilo Sanabria, David Florez, Hubert Piquet, and Rafael Diez. |
||
| 260 |
_aNew York ; _bThe Institute of Electrical and Electronics Engineers, Inc. , _cApril 2022. |
||
| 300 |
_aVolume 37, pages 4374-4384 : _billustration ; _c28 cm. |
||
| 500 | _aIEEE Transaction on Power Electronics, vol. 37, no. 4, pages 4374-4384, April 2022. | ||
| 700 |
_aSanabria, Camilo. _eauthor. _951999 |
||
| 700 |
_aFlorez, David. _eauthor. _952000 |
||
| 700 |
_aPiquet, Hubert. _eauthor. _952001 |
||
| 700 |
_aDiez, Rafael. _eauthor. _952002 |
||
| 942 |
_2ddc _cPER |
||
| 999 |
_c19032 _d19032 |
||